000 01162nam0a22002771 4500
001 rc\4469925
005 20130416164822.2
021 _aRU
_b97-ВП-5121/5,6
035 _a(NLR Aleph) 008329535
090 _a8808242
_c8808242
100 _a20130416d1957 |||y0rusy50 ca
101 0 _arus
102 _aRU
105 _aa z |||||
200 1 _aУсталостная прочность деталей
_e(Основные сведения)
_fПод ред. д-ра техн. наук, проф. инж.-полк. С.А. Бернштейна
_gВоен. ордена Ленина акад. бронетанковых войск им. И.В. Сталина
210 _aМосква
_cБ. и.
_d1957
215 _a74 с.
_cил.
300 _aПеред загл. авт.: канд. техн. наук инж.-подполк. П.Е. Кравченко
320 _aБиблиогр. в конце книги (17 назв.)
700 1 _aКравченко
_bП. Е.
_gПетр Ефимович
702 1 _aБернштейн
_bС. А.
_4340
801 0 _aRU
_bNLR
_gpsbo
801 1 _aRU
_bELAR
_2rusmarc
852 _aNLR
_j57-5/1654
942 _cBOOK
980 _aNB